| 000 | 00362 a2200157 4500 | ||
|---|---|---|---|
| 001 | 187523 | ||
| 020 | _a85-10-02487-1 | ||
| 040 | _cMagnum | ||
| 100 | _aMagatão, Maria Goreth da Silva | ||
| 240 | 1 | 0 |
_aAmarelinho, amarelão! _lpor |
| 245 | 1 | 0 | _aAmarelinho, amarelão! |
| 300 | _a32 | ||
| 362 | 0 | _a1999 | |
| 697 | _aLITERATURA INFANTO-JUVENIL | ||
| 942 | _cBK | ||
| 999 |
_c187523 _d187523 |
||